Co-operative Retail Services Ltd v Tesco Stores Ltd (Record no. 56180)

MARC details
000 -LEADER
fixed length control field 01498cab a2200265 4500
001 - CONTROL NUMBER
control field ABS59340
008 - FIXED-LENGTH DATA ELEMENTS--GENERAL INFORMATION
fixed length control field 090401t1998 xxu||||| |||| 00| 0 eng d
035 ## - SYSTEM CONTROL NUMBER
System control number (Sirsi) u88841
041 ## - LANGUAGE CODE
Language code of text/sound track or separate title eng
245 ## - TITLE STATEMENT
Title Co-operative Retail Services Ltd v Tesco Stores Ltd
260 ## - PUBLICATION, DISTRIBUTION, ETC.
Date of publication, distribution, etc. 1998
350 ## - PRICE (NR) (BK AM CF MU VM SE) [OBSOLETE]
Price 0
490 ## - SERIES STATEMENT
Series statement Property and Compensation Reports
Volume/sequential designation [1998] 76 P&CR 328-332(5)
520 ## - SUMMARY, ETC.
Summary, etc. "Co-operative Retail Services Ltd v Tesco Stores Ltd" CA 20 January 1998. The appellant owned a ten and a half acre site, of which half an acre was subject to a restrictive covenant that it was not to be used for food retailing. Tesco obtained planning permission to develop the site to include a superstore, petrol station and car parking. The permission was conditional upon the scheme including tree planting and landscaping. The Co-operative contended that Tesco was in breach of covenant in that the burdened land was being used for food retailing. The burdened land was treated as an integral part of the entire site. An injunction was granted to restrain prohibited use. Held; appeal alowed. The burdened land was not being used for food retailing.
650 ## - SUBJECT ADDED ENTRY--TOPICAL TERM
Topical term or geographic name entry element BREACH OF COVENANT
650 ## - SUBJECT ADDED ENTRY--TOPICAL TERM
Topical term or geographic name entry element BURDENED LAND
650 ## - SUBJECT ADDED ENTRY--TOPICAL TERM
Topical term or geographic name entry element CO-OPERATIVE RETAIL SERVICES LTD V TESCO STORES LTD
650 ## - SUBJECT ADDED ENTRY--TOPICAL TERM
Topical term or geographic name entry element DEVELOPMENT
650 ## - SUBJECT ADDED ENTRY--TOPICAL TERM
Topical term or geographic name entry element FOOD RETAILING
650 ## - SUBJECT ADDED ENTRY--TOPICAL TERM
Topical term or geographic name entry element LANDSCAPING
650 ## - SUBJECT ADDED ENTRY--TOPICAL TERM
Topical term or geographic name entry element RESTRICTIVE COVENANT
690 ## - LOCAL SUBJECT ADDED ENTRY--TOPICAL TERM (OCLC, RLIN)
Topical term or geographic name as entry element PLANNING LAW AND PRACTICE-CASE LAW
942 ## - ADDED ENTRY ELEMENTS (KOHA)
Suppress in OPAC 0
948 ## - LOCAL PROCESSING INFORMATION (OCLC); SERIES PART DESIGNATOR (RLIN)
c (OCLC) 06/10/1998
Holdings
Withdrawn status Lost status Source of classification or shelving scheme Damaged status Not for loan Home library Current library Shelving location Date acquired Total Checkouts Full call number Barcode Date last seen Copy number Price effective from Koha item type
    Dewey Decimal Classification     London London Journal article 14/09/1999   ABS59340 88841-1001 06/08/2019 1 06/08/2019 Law report